000 00380nam a22001457a 4500
005 20200601131527.0
008 200601b xxu||||| |||| 00| 0 eng d
082 _a345.4 (AIR)
110 _aALL INDIA REPORTER
_95755
245 _aALL INDIA REPORTER 1986 (V-73) KARNATAKA SECTION
260 _aBOMBAY
_bALL INDIA REPORTER
300 _a368;p
650 _aLAW
_95701
942 _cJRL
999 _c6774
_d6772